[Event "Mittelrhein Verbandsliga West 1920"]
[Site "Mittelrhein"]
[Date "2020.01.19"]
[Round "5.6"]
[White "Koch, Peter"]
[Black "Yanes, Adrian"]
[Result "0-1"]
[WhiteElo "1765"]
[BlackElo "1714"]
[PlyCount "62"]
[EventDate "2019.09.29"]
[EventType "team-tourn"]
[EventRounds "9"]
[EventCountry "GER"]
[SourceTitle "EXT 2023"]
[Source "ChessBase"]
[SourceDate "2022.10.05"]
[SourceVersion "1"]
[SourceVersionDate "2022.10.05"]
[SourceQuality "1"]
[WhiteTeam "Brand SF"]
[BlackTeam "Aachen SV III"]
[WhiteTeamCountry "GER"]
[BlackTeamCountry "GER"]

1. c4 e5 2. Nc3 Nf6 3. Nf3 Nc6 4. d4 exd4 5. Nxd4 Bb4 6. Bg5 h6 7. Nxc6 bxc6 8. Bd2 0-0 9. Qb3 Qe7 10. a3 Bxc3 11. Bxc3 Ne4 12. e3 Nxc3 13. Qxc3 d6 14. Be2 Rb8 15. Bf3 c5 16. 0-0 Bb7 17. Bd5 Bxd5 18. cxd5 Rb5 19. Rab1 a5 20. Rfd1 Rfb8 21. Rd3 a4 22. f3 Rb3 23. Qc2 Rxd3 24. Qxd3 Rb3 25. Qe4 Qxe4 26. fxe4 Rxe3 27. Kf2 Rxe4 28. b3 Kf8 29. bxa4 Rxa4 30. Rb7 Rxa3 31. Rxc7 Rd3 0-1

[Event "Mittelrhein Verbandsliga-W 17/18"]
[Site "Nordrheinwestfalen"]
[Date "2018.02.25"]
[Round "8.4"]
[White "Juelich, Thomas"]
[Black "Yanes, Adrian"]
[Result "1/2-1/2"]
[WhiteElo "1919"]
[BlackElo "1757"]
[PlyCount "74"]
[EventDate "2017.09.10"]
[EventType "team-tourn"]
[EventRounds "11"]
[EventCountry "GER"]
[SourceTitle "EXT 2022"]
[Source "ChessBase"]
[SourceDate "2021.10.06"]
[SourceVersion "1"]
[SourceVersionDate "2021.10.06"]
[SourceQuality "1"]
[WhiteTeam "Pulheim"]
[BlackTeam "Aachen SV III"]
[WhiteTeamCountry "GER"]
[BlackTeamCountry "GER"]

1. e4 d5 2. exd5 Qxd5 3. Nc3 Qa5 4. d4 c6 5. Nf3 Nf6 6. h3 e6 7. Bd2 Qc7 8. Bd3 Bd6 9. Ne2 Nbd7 10. 0-0 0-0 11. Qc1 e5 12. dxe5 Nxe5 13. Nxe5 Bxe5 14. Bg5 Be6 15. c3 Rfd8 16. Bc2 Bc4 17. Re1 Re8 18. Nd4 Bxd4 19. cxd4 Rxe1+ 20. Qxe1 Qd6 21. Qc3 Bd5 22. Re1 h6 23. Bh4 Kf8 24. Bg3 Qd7 25. Qb4+ Kg8 26. Re7 a5 27. Qa3 Qc8 28. Be5 Be4 29. Bxe4 Nxe4 30. Qe3 Qf5 31. Rxb7 Re8 32. Rb8 Rxb8 33. Bxb8 Ng5 34. Qc1 Qg6 35. Kf1 Qd3+ 36. Kg1 Qxd4 37. Bf4 Qd5 1/2-1/2

[Event "Mittelrhein Verbandsliga-W 17/18"]
[Site "Nordrheinwestfalen"]
[Date "2018.01.14"]
[Round "6.4"]
[White "Spies, Ulrich"]
[Black "Yanes, Adrian"]
[Result "1-0"]
[WhiteElo "1857"]
[BlackElo "1757"]
[PlyCount "97"]
[EventDate "2017.09.10"]
[EventType "team-tourn"]
[EventRounds "11"]
[EventCountry "GER"]
[SourceTitle "EXT 2022"]
[Source "ChessBase"]
[SourceDate "2021.10.06"]
[SourceVersion "1"]
[SourceVersionDate "2021.10.06"]
[SourceQuality "1"]
[WhiteTeam "Eschweiler SC"]
[BlackTeam "Aachen SV III"]
[WhiteTeamCountry "GER"]
[BlackTeamCountry "GER"]

1. e4 d5 2. exd5 Qxd5 3. Nc3 Qa5 4. d3 Nf6 5. Bd2 e5 6. Ne4 Qb6 7. Nxf6+ Qxf6 8. Nf3 Bg4 9. Be2 h6 10. Bc3 Bd6 11. 0-0 Nc6 12. d4 0-0-0 13. Nxe5 Bxe2 14. Qxe2 Rde8 15. Qg4+ Qe6 16. Qxe6+ fxe6 17. Nxc6 bxc6 18. Rae1 Kd7 19. Re4 Rhf8 20. Rfe1 Rf5 21. f3 g6 22. Bd2 h5 23. R1e3 Bf4 24. Rd3 Bxd2 25. Rxd2 Ra5 26. a3 Rb8 27. c3 Re8 28. Rde2 Rb5 29. Kf2 Rf5 30. Kg3 Kd6 31. Re5 Rxe5 32. Rxe5 Rb8 33. b4 Ke7 34. Ra5 Ra8 35. Kh4 a6 36. Kg5 Kf7 37. Rc5 Rd8 38. Rxc6 Rd5+ 39. Kh4 Kf6 40. Rxa6 Rd8 41. a4 Rh8 42. d5 Kf5 43. Rxe6 g5+ 44. Kg3 h4+ 45. Kf2 Kf4 46. Re4+ Kf5 47. Rc4 Re8 48. Rxc7 g4 49. Rc4 1-0

[Event "Mittelrhein Verbandsliga-W 17/18"]
[Site "Nordrheinwestfalen"]
[Date "2017.11.12"]
[Round "4.7"]
[White "Yanes, Adrian"]
[Black "Morschel, Steffen"]
[Result "1/2-1/2"]
[WhiteElo "1716"]
[BlackElo "1729"]
[PlyCount "69"]
[EventDate "2017.09.10"]
[EventType "team-tourn"]
[EventRounds "11"]
[EventCountry "GER"]
[SourceTitle "EXT 2022"]
[Source "ChessBase"]
[SourceDate "2021.10.06"]
[SourceVersion "1"]
[SourceVersionDate "2021.10.06"]
[SourceQuality "1"]
[WhiteTeam "Aachen SV III"]
[BlackTeam "Horrem"]
[WhiteTeamCountry "GER"]
[BlackTeamCountry "GER"]

1. e4 e6 2. d4 d5 3. Nc3 Bb4 4. Bd3 dxe4 5. Bxe4 Nf6 6. Bf3 0-0 7. Nge2 c5 8. Be3 Nd5 9. Bxd5 exd5 10. a3 cxd4 11. Bxd4 Bxc3+ 12. Bxc3 Qg5 13. Qd2 Qxd2+ 14. Kxd2 Nc6 15. Rad1 Bf5 16. Kc1 Rfd8 17. Rhe1 Rac8 18. Nd4 Nxd4 19. Rxd4 Be6 20. Re5 Rc4 21. f4 g6 22. h3 h5 23. Kd2 Rdc8 24. g4 hxg4 25. hxg4 Rxd4+ 26. Bxd4 Bxg4 27. Rxd5 Bf3 28. Re5 a6 29. Re3 Bg4 30. c3 Be6 31. Re2 Kf8 32. Bf6 Ke8 33. Ke3 Rc5 34. Rd2 Rd5 35. Rxd5 1/2-1/2

[Event "Mittelrhein Verbandsliga-W 15/16"]
[Site "Nordrheinwestfalen"]
[Date "2015.12.13"]
[Round "5.8"]
[White "Nagel, Eduard"]
[Black "Yanes, Adrian"]
[Result "0-1"]
[WhiteElo "1863"]
[BlackElo "1710"]
[PlyCount "116"]
[EventDate "2015.09.06"]
[EventType "team-tourn"]
[EventRounds "11"]
[EventCountry "GER"]
[SourceTitle "EXT 2022"]
[Source "ChessBase"]
[SourceDate "2021.10.06"]
[SourceVersion "1"]
[SourceVersionDate "2021.10.06"]
[SourceQuality "1"]
[WhiteTeam "Kerpen SK"]
[BlackTeam "Aachen SV II"]
[WhiteTeamCountry "GER"]
[BlackTeamCountry "GER"]

1. d4 d5 2. Nf3 Nf6 3. Bf4 e6 4. e3 c6 5. c4 Qa5+ 6. Nc3 Bb4 7. Qc2 Ne4 8. Rc1 Nd7 9. Bd3 Ndf6 10. 0-0 Nxc3 11. bxc3 Ba3 12. Rb1 dxc4 13. Bxc4 Nd5 14. Rb3 Nxf4 15. exf4 Bd6 16. Re1 0-0 17. Bd3 g6 18. Ne5 Qc7 19. g3 f6 20. Nf3 Rb8 21. Bc4 Re8 22. f5 b5 23. Bxe6+ Bxe6 24. fxe6 Re7 25. c4 bxc4 26. Qxc4 Rxb3 27. axb3 Kg7 28. Nd2 f5 29. Nf3 a5 30. Ne5 Bxe5 31. Rxe5 Qd6 32. Qc3 Rxe6 33. Qxa5 Kf7 34. Qc5 Qxc5 35. Rxc5 Ke7 36. d5 cxd5 37. Rxd5 Rb6 38. Rd3 Ke6 39. Kf1 Ke5 40. Ke2 g5 41. f3 Rh6 42. Rd8 Rxh2+ 43. Kd3 Rh3 44. Re8+ Kd6 45. Rf8 Ke6 46. b4 Rxg3 47. b5 Rxf3+ 48. Kc4 Kd6 49. Rf6+ Ke5 50. b6 Rf1 51. b7 Rb1 52. Rf7 h5 53. Kc5 g4 54. Rh7 h4 55. Kc6 h3 56. Rh6 Kf4 57. Kc7 Rxb7+ 58. Kxb7 Kg3 0-1

[Event "Mittelrhein Verbandsliga-W 15/16"]
[Site "Nordrheinwestfalen"]
[Date "2015.10.18"]
[Round "3.8"]
[White "Olbrich, Tobias"]
[Black "Yanes, Adrian"]
[Result "0-1"]
[WhiteElo "1611"]
[BlackElo "1716"]
[PlyCount "98"]
[EventDate "2015.09.06"]
[EventType "team-tourn"]
[EventRounds "11"]
[EventCountry "GER"]
[SourceTitle "EXT 2022"]
[Source "ChessBase"]
[SourceDate "2021.10.06"]
[SourceVersion "1"]
[SourceVersionDate "2021.10.06"]
[SourceQuality "1"]
[WhiteTeam "Bruehl II"]
[BlackTeam "Aachen SV II"]
[WhiteTeamCountry "GER"]
[BlackTeamCountry "GER"]

1. e4 d5 2. exd5 Nf6 3. d4 Nxd5 4. Nf3 Bg4 5. Bc4 e6 6. 0-0 Be7 7. Nc3 c6 8. Be2 0-0 9. Ne5 Bxe2 10. Nxe2 Nd7 11. Ng3 Nxe5 12. dxe5 Qc7 13. Re1 Bb4 14. Re4 Bc5 15. Qg4 f5 16. exf6 Rxf6 17. Be3 Nxe3 18. fxe3 Qf7 19. Rf1 Rxf1+ 20. Nxf1 Qf5 21. Qxf5 exf5 22. Re5 Bb6 23. Rxf5 Re8 24. Kf2 Re4 25. b3 g6 26. Rf6 Bc5 27. Kf3 Re7 28. e4 Kg7 29. Rf4 Bd6 30. Rh4 Rf7+ 31. Ke2 g5 32. Rh3 Rf4 33. Nd2 Bb4 34. c3 g4 35. Rd3 Bc5 36. Rd7+ Kg6 37. Rxb7 Rf2+ 38. Kd3 Rxg2 39. Rc7 Bb6 40. Rxc6+ Kg5 41. e5 Rxh2 42. e6 Kf6 43. c4 Rxd2+ 44. Kxd2 g3 45. Rc8 g2 46. Rg8 g1Q 47. Rxg1 Bxg1 48. b4 Kxe6 49. c5 Kd5 0-1